LDR 00588nam a2200169 i 4500 001 000000160850 003 CaOOAMICUS 005 20260423161518.0 008 070418n it u000 u ita u 040 $aSeMil$bita 245 10$aVol. 2. 300 $a248 p. 773 0 $aFustel de Coulanges, Numa-Denis <1830-1889>$tCittà Antica.$dBari : Laterza & Figli, 1925.$kBiblioteca di cultura moderna$w()17646 850 $aSeMil 852 $aSeMil$W1$xVenegono$y1$m3S II 107/2$j270812$B112299$CSeMilBibl$Z2$F122465 $81 996 $6245$aVol. 2$9(OLS)http://semarc/title/13458